Statystyki dla Drużyny które tylko raz zagrały na Mistrzostwach Europy

Kliknij tutaj aby rozwiązać quiz!

Ogólne statystyki

  • Ten quiz został rozwiązany 313 razy
  • Średni wynik to 6 z 8

Statystyki odpowiedzi

RokReprezentacja% Poprawnych
2020 (2021)Finlandia
89%
2020 (2021)Macedonia Północna
89%
2016Islandia
86%
2016Albania
84%
2004Łotwa
77%
2016Irlandia Północna
76%
2000Słowenia
73%
2000Norwegia
72%

Rozkład punktacji

Percentyl według liczby udzielonych odpowiedzi

Procent ludzi z każdym wynikiem

Twoja historia wyników

Nie rozwiązałeś tego quizu